[Event "Lopota FIDE GP (Women)"]
[Site "Lopota"]
[Date "2014.06.26"]
[Round "7"]
[White "Dzagnidze, Nana"]
[Black "Hou, Yifan"]
[Result "0-1"]
[WhiteElo "2541"]
[BlackElo "2629"]
[Annotator "CB"]
[PlyCount "120"]
[EventDate "2014.06.19"]
[EventType "tourn"]
[EventRounds "11"]
[EventCountry "GEO"]
[EventCategory "11"]
[SourceTitle "CBM 161 Extra"]
[Source "ChessBase"]
[SourceDate "2014.08.29"]
[SourceVersion "1"]
[SourceVersionDate "2014.08.29"]
[SourceQuality "1"]

{The game of the day, at as far as results go. Hou Yifan equalized without
problems in a rare version of the Bogo-Indian. Dzagnidze's response seemed
very mild at best and despite having the pair of bishops she had no advantage
in the resulting closed position. Dzagnidze's plan starting with 17.g4?! was
misguided and some simplifications really put a spotlight on how weak her
structure was and how much better the Chinese player's knight was compared to
her own. Although technique in this game wasn't accurate in every move, Hou
Yifan did play well enough to keep her slight advantage, turn it into real
practical problems and in time pressure take an important victory.} 1. d4 e6 2.
c4 Nf6 3. Nf3 b6 4. g3 Bb4+ 5. Bd2 a5 6. Bg2 Bb7 7. O-O O-O 8. Nc3 d6 9. b3
Nbd7 10. a3 Bxc3 11. Bxc3 Be4 12. Qc1 Qb8 13. a4 Qb7 14. Qf4 Rfe8 15. Rfd1 h6
16. Rac1 Re7 17. g4 $6 (17. Bh3 $1 $11 {A typical idea of the position is to
remove the bishop from the h1-a8 diagonal to free the knight.}) 17... e5 18.
dxe5 Nxe5 19. Bxe5 dxe5 20. Qg3 Rae8 21. Rc3 Bc6 22. Nh4 g6 23. Rcd3 Bxg2 24.
Nxg2 Kg7 25. Ne3 Qe4 26. Qg2 c6 27. Rd6 Re6 28. h3 Qxg2+ 29. Kxg2 Ne4 30. Rd7
Nc5 31. Rc7 R8e7 32. Rc8 Rd7 33. Rb8 Rxd1 34. Nxd1 Nxb3 35. Rxb6 Nc5 36. Nc3
Rd6 37. e3 f5 38. gxf5 gxf5 39. Kf3 Kf6 40. Ke2 Ke7 41. h4 Kd7 42. Rb8 Rd3 43.
Nd1 Ra3 44. Rh8 Ra2+ 45. Kf1 Nd3 46. Rxh6 Rd2 47. Rh7+ Kd6 48. h5 e4 49. Nc3
Rxf2+ 50. Kg1 Rf3 (50... Rc2 51. h6 (51. Rh6+ Kc5 52. Rf6 Rxc3 53. Rxf5+ Kxc4
54. h6 Rb3 $19) 51... Ne5 $19) 51. Nd1 Rg3+ 52. Kf1 Ne5 53. Kf2 Rg5 54. h6 Ng4+
55. Ke2 Rh5 56. Ra7 Rxh6 57. Rxa5 Rh2+ 58. Kf1 Ne5 59. Ke1 Nf3+ 60. Kf1 Rh1+
0-1

[Event "Hoogovens"]
[Site "Wijk aan Zee"]
[Date "1984.01.25"]
[Round "10"]
[White "Ligterink, Gert"]
[Black "Andersson, Ulf"]
[Result "0-1"]
[WhiteElo "2445"]
[BlackElo "2630"]
[Annotator "Chekhov,V"]
[PlyCount "86"]
[EventDate "1984.01.13"]
[EventType "tourn"]
[EventRounds "13"]
[EventCountry "NED"]
[EventCategory "13"]
[SourceTitle "MCL"]
[Source "ChessBase"]
[SourceDate "1999.07.01"]
[SourceVersion "1"]
[SourceVersionDate "1999.07.01"]
[SourceQuality "1"]

1. d4 Nf6 2. c4 e6 3. Nf3 Bb4+ 4. Bd2 Bxd2+ 5. Qxd2 O-O 6. g3 (6. Nc3 $5 d6 7.
g3 Nc6 8. Bg2 e5 9. d5 Ne7 10. e4 a6 11. O-O b5 12. cxb5 axb5 13. b4 Bb7 14. a3
c6 15. dxc6 Bxc6 16. Qd3 $14 {Razuvaev,Y-Makarichev,S/URS/1972/}) 6... b6 7.
Bg2 Bb7 8. O-O d6 9. Qc2 (9. Nc3 $5 Ne4 10. Nxe4 (10. Qc2 $5 Nxc3 11. Qxc3)
10... Bxe4 11. Qf4 f5) 9... c5 $1 10. Nc3 (10. dxc5 dxc5 11. Nc3 Nc6 12. Rad1
Qe7 $10) 10... cxd4 11. Nxd4 Bxg2 12. Kxg2 a6 13. Rfd1 Qc7 14. b3 Rc8 15. Rac1
h6 (15... Nbd7 $5) 16. Qd3 Nbd7 17. Nf3 Ne8 18. Kg1 (18. Ne4 Nc5 19. Nxc5 Qxc5
$10) 18... Qb8 19. Nd4 Ra7 $1 20. Rc2 Rac7 21. Rdc1 Nef6 22. Nf3 Rc5 23. Nd4 (
23. Rd1 d5 24. cxd5 Ne5 25. Nxe5 Qxe5 26. Rdc1 exd5) 23... Ne5 24. Qd2 R5c7 25.
Qe3 Qb7 26. h3 Nc6 27. Nxc6 Rxc6 $15 28. Qd3 R8c7 29. a4 (29. Kh2 b5 30. cxb5
axb5 31. b4 Qc8) 29... Qc8 30. Kh2 $6 (30. e4 $5 Nd7 31. Qe2 Nc5 32. Rb2 {
/\Rd1/}) 30... d5 $1 31. Nd1 (31. cxd5 exd5 32. f3 (32. Nxd5 $2 Nxd5 33. Rxc6
Rxc6 34. Rxc6 Qxc6) 32... Kh8 {/\b5-+/}) 31... dxc4 32. Rxc4 Rxc4 33. Rxc4 Rxc4
34. Qxc4 $6 (34. bxc4 Nd7 (34... Qc6 $1 {/\Nd7/}) 35. Qd6 $1) 34... Qxc4 35.
bxc4 Kf8 36. Kg2 Ke7 37. Kf3 Kd6 38. Ke3 Kc5 39. Kd3 Kb4 $19 40. Nc3 Nd7 41. f4
Nc5+ 42. Kd4 Nb3+ 43. Kd3 f6 (43... f6 44. Ne4 (44. Na2+ Kxa4 45. Kc3 a5 $19 {
/\Ka3}) 44... Nc5+ 45. Nxc5 bxc5 $19) 0-1

[Event "RUS-Cup2"]
[Site "Moscow"]
[Date "1996.??.??"]
[Round "9"]
[White "Vasiukov, Evgeni"]
[Black "Shchekachev, Andrei"]
[Result "1-0"]
[WhiteElo "2505"]
[BlackElo "2560"]
[Annotator "Chekhov,V"]
[PlyCount "75"]
[EventDate "1996.11.28"]
[EventType "swiss"]
[EventRounds "9"]
[EventCountry "RUS"]
[SourceTitle "CBM 056 Extra"]
[Source "ChessBase"]
[SourceDate "1997.03.01"]
[SourceVersion "1"]
[SourceVersionDate "1997.03.01"]
[SourceQuality "1"]

1. d4 Nf6 2. c4 e6 3. Nf3 b6 4. g3 Bb7 5. Bg2 Bb4+ 6. Bd2 Be7 7. Nc3 Na6 $6 8.
Qa4 $1 (8. O-O O-O 9. d5 exd5 10. Nd4 c6 11. cxd5 Nxd5 12. Nxd5 cxd5 13. Bc3
Nc5 14. Nf5 Bf6 15. Ne3 Bxc3 16. bxc3 Rc8 17. Nxd5 $14 {Servat,R-Bielicki,C/
ARG/1989/1|0/54/}) 8... c5 9. d5 exd5 10. cxd5 Nb4 11. e4 $1 b5 $1 (11... Nd3+
12. Ke2 Nxb2 13. Qb5 $18) (11... Ba6 12. Bf1 Nd3+ 13. Bxd3 Bxd3 14. e5 $16) 12.
Nxb5 Nxe4 13. O-O O-O (13... Bxd5 14. Bxb4 cxb4 15. Rad1 $22 Bc6 16. Ne5 $16)
14. a3 a6 (14... Nxd2 15. Nxd2 Nxd5 16. Qb3 c4 (16... a6 17. Nd6 (17. Nd4 cxd4
18. Qxb7 Nb6 19. Nb3 Bf6 20. Rad1 $16) 17... Bxd6 18. Qxb7 (18. Bxd5 Bxd5 19.
Qxd5 Be7 20. Nc4 $146) 18... Nb6 $15) 17. Nxc4 $16) 15. axb4 axb5 16. Qxb5 Bxd5
17. Be3 $1 Rb8 (17... Bc6 18. Qd3 cxb4 19. Ne5 Nc5 20. Bxc5 Bxg2 21. Kxg2 Bxc5
22. Qd5 Rxa1 23. Rxa1 d6 24. Nxf7 $1 $18) 18. Qd3 Nf6 (18... Bc6 19. Ne5 $18)
19. bxc5 Rxb2 20. Bd4 Rb3 21. Qd1 Qb8 22. Re1 Bd8 23. Bxf6 Bxf3 24. Bxf3 Bxf6
25. Ra8 Qxa8 (25... Qb5 26. Rxf8+ Kxf8 27. Qd6+ Kg8 28. Re8#) 26. Bxa8 Rc3 27.
Qxd7 $18 Rxc5 (27... Rxa8 28. Re8+ $18) 28. Re8 Re5 29. Rxe5 Bxe5 30. Bd5 Bf6
31. Kg2 g6 32. f4 Kg7 33. Kf3 Ba1 34. g4 h6 35. h4 Bb2 36. g5 hxg5 37. hxg5 Ba1
38. Kg4 (38. Kg4 Bc3 39. f5 gxf5+ 40. Kxf5 Bb2 41. g6 $18) 1-0

[Event "Buenos Aires"]
[Site "Buenos Aires"]
[Date "1980.??.??"]
[Round "?"]
[White "Timman, Jan H"]
[Black "Giardelli, Sergio Carlos"]
[Result "1/2-1/2"]
[WhiteElo "2600"]
[BlackElo "2300"]
[Annotator "Chekhov,V"]
[PlyCount "98"]
[EventDate "1980.10.15"]
[EventType "tourn"]
[EventRounds "13"]
[EventCountry "ARG"]
[EventCategory "13"]
[SourceTitle "MCL"]
[Source "ChessBase"]
[SourceDate "1999.07.01"]
[SourceVersion "1"]
[SourceVersionDate "1999.07.01"]
[SourceQuality "1"]

1. d4 Nf6 2. c4 e6 3. Nf3 b6 4. g3 Bb7 5. Bg2 Bb4+ 6. Bd2 Be7 7. Nc3 O-O 8. O-O
Ne4 $6 (8... d5 $5) 9. Rc1 (9. d5 $5 exd5 (9... Nxd2 10. Nxd2 e5 $140 $2 11. d6
$18) 10. cxd5 Nxd2 11. Nxd2 $16) 9... d5 10. cxd5 Nxc3 (10... exd5 $5 11. Bf4)
11. Rxc3 Bxd5 12. Bf4 c5 (12... Bd6 13. Qb1 Bxf4 14. gxf4 {/\ Ng5,Rfc1}) 13.
dxc5 Bxc5 14. Qb1 $1 $16 f5 (14... Nd7 15. e4 (15. Ng5 Nf6 16. Rd1 h6 17. Bxd5
exd5) 15... Bb7 16. b4 Be7 17. Rc7 {/\ Rd1}) 15. b4 Be7 16. Rd1 Na6 (16... Nd7
17. Nd4 $1 {/\ Bd5,Ne6}) 17. Ne5 (17. a3 Rc8) 17... Bxb4 (17... Rc8 18. Rxc8
Qxc8 19. Rxd5 exd5 20. Bxd5+ Kh8 21. b5 {/\ ba, Nf7}) (17... Nxb4 18. a3 Na6
19. Nc6 Qe8 20. Nxe7+ Qxe7 21. Rxd5 exd5 22. Bxd5+ Kh8 23. Bxa8 Rxa8 24. Qxf5 {
/\ Rc8}) 18. Bxd5 exd5 19. Nc6 Qf6 20. Nxb4 (20. Be5 Qe6) 20... Qxc3 21. Nxa6
Rac8 22. Nc7 $1 Qc4 (22... Rxc7 23. Rc1 $18) 23. Nxd5 Rcd8 24. Ne7+ (24. Qd3 $5
Qxd3 (24... Qxa2 $2 25. Ne7+ Kf7 26. Qxf5+ Kxe7 27. Bg5+ $18) 25. Rxd3 Kf7 26.
f3 Rfe8 27. Kf2) 24... Kh8 25. Rxd8 Rxd8 26. Nxf5 Qxe2 27. Nd6 Qe6 28. Qc2 h6
29. Qc7 Rd7 30. Qc6 Re7 (30... g5 31. Be5+ Kh7 32. Qc2+ Qg6 (32... Kg8 33. Qc8+
) 33. Qc8 Qe6 34. h3 Rxd6 35. Qh8+ Kg6 36. Qg7+ Kf5 37. Bxd6 Qxd6 38. Qf7+ Ke5
39. Qxa7) 31. a4 Qe2 32. Kg2 (32. h4 $5) 32... Qd3 $1 33. h4 $6 (33. Be3 $2
Rxe3 $1 34. fxe3 Qe2+ 35. Kh3 Qh5+ $10) (33. Nc4 Qe4+ 34. Qxe4 Rxe4) (33. Qf3
$1 Qxf3+ (33... Qc2 34. Bxh6 gxh6 35. Qf8+) 34. Kxf3 $16) 33... Re1 34. Be3
Qf1+ 35. Kh2 Qg1+ 36. Kh3 Qh1+ 37. Qxh1 Rxh1+ 38. Kg4 Ra1 39. Kf5 Kh7 $1 (39...
Rxa4 40. Kg6 {/\ Nf5}) 40. Nc8 Rxa4 $10 41. Ke6 (41. Nxb6 axb6 42. Bxb6 $10)
41... b5 $1 42. Kd5 (42. Nxa7 b4 43. Nb5 b3) 42... b4 43. Kc4 a5 44. Na7 Kg6
45. Nc6 Ra2 46. Nd4 (46. Bb6 Rc2+) 46... Rb2 $1 47. Kb5 b3 48. Ka4 Rxf2 $1 49.
Kxb3 Rf7 1/2-1/2

[Event "London Phillips&Drew"]
[Site "London"]
[Date "1980.??.??"]
[Round "9"]
[White "Gheorghiu, Florin"]
[Black "Larsen, Bent"]
[Result "1-0"]
[WhiteElo "2605"]
[BlackElo "2590"]
[Annotator "ChessBase"]
[PlyCount "119"]
[EventDate "1980.04.10"]
[EventType "tourn"]
[EventRounds "13"]
[EventCountry "ENG"]
[EventCategory "13"]
[SourceTitle "EXT 1999"]
[Source "ChessBase"]
[SourceDate "1998.11.16"]
[SourceVersion "1"]
[SourceVersionDate "1998.11.16"]
[SourceQuality "1"]

1. d4 Nf6 2. c4 e6 3. Nf3 Bb4+ 4. Bd2 a5 5. g3 b6 6. Bg2 Bb7 7. O-O Na6 8. Bg5
Be7 9. Bxf6 Bxf6 10. Nc3 O-O 11. e4 d6 12. Qd2 g6 13. Rad1 Bg7 14. Rfe1 Qe7 15.
e5 Rad8 16. Qe2 Rfe8 17. exd6 cxd6 18. Nh4 Bxg2 19. Nxg2 Qb7 20. Ne3 Nc7 21. a4
h5 22. Nb5 (22. b3 $1) 22... Nxb5 23. axb5 Ra8 24. b3 Rec8 25. Qf1 a4 26. bxa4
Rxa4 27. d5 e5 28. Ra1 Rxa1 29. Rxa1 Bh6 30. Nc2 Qc7 31. Ra4 Kg7 32. Qd3 h4 33.
Kg2 hxg3 34. hxg3 Bg5 35. Kf1 Qd7 36. Qf3 Re8 37. Ne3 e4 38. Qg4 Qe7 39. Qd1
Bxe3 40. fxe3 Qg5 41. Qd4+ Re5 42. Ke2 Qxg3 43. Kd2 f6 44. Ra7+ Kh6 45. Ra1 Qf3
46. Qxb6 Rh5 47. Kc3 Rh3 48. Kb4 Qf2 49. Ra3 Qb2+ 50. Ka4 Qc2+ 51. Ka5 Qd2+ 52.
Ka6 Qb4 53. Ra5 Kg5 54. c5 Rh8 55. Qc6 Rd8 56. b6 dxc5 57. b7 c4 58. Rb5 Qa3+
59. Kb6 f5 60. Qc5 1-0

[Event "Bad Homburg"]
[Site "Bad Homburg"]
[Date "1998.07.20"]
[Round "4"]
[White "Dautov, Rustem"]
[Black "Larsen, Bent"]
[Result "1-0"]
[WhiteElo "2600"]
[BlackElo "2515"]
[Annotator "Dautov,R"]
[PlyCount "91"]
[EventDate "1998.07.17"]
[EventType "tourn"]
[EventRounds "9"]
[EventCountry "GER"]
[EventCategory "13"]
[SourceTitle "CBM 066"]
[Source "ChessBase"]
[SourceDate "1998.09.30"]
[SourceVersion "1"]
[SourceVersionDate "1998.09.30"]
[SourceQuality "1"]

1. d4 Nf6 2. Nf3 e6 3. c4 b6 4. g3 Bb7 5. Bg2 Bb4+ 6. Bd2 Bxd2+ 7. Qxd2 O-O 8.
O-O d6 9. Nc3 Ne4 10. Nxe4 Bxe4 11. Qf4 Bb7 12. e4 Nd7 13. Rfe1 Qe7 (13... a5
14. Rad1 a4 15. Nd2 e5 16. Qe3 exd4 17. Qxd4 Nc5 18. Nb1 Qd7 19. Nc3 $14 {
Nikolic,P-Kortchnoi,V/Horgen 1994}) 14. Rad1 e5 15. Qd2 Rfe8 $146 (15... Rae8
16. dxe5 Nxe5 17. Nd4 g6 18. f4 Nxc4 19. Qc3 c5 20. Qxc4 cxd4 21. Qxd4 Rd8 22.
Bf1 Bc6 23. Rc1 $14 {Eingorn,V-Kharitonov,A/Lvov 1984/URS-ch}) (15... Nf6 16.
Nh4 g6 17. f4 exf4 18. Qxf4 $14) 16. dxe5 $1 Nxe5 17. Nd4 f6 (17... Nxc4 $2 18.
Qc3 Ne5 19. Nf5 Qd7 20. f4 g6 21. Nxd6 cxd6 22. fxe5 $16) (17... g6 18. Qc3 $14
) 18. b3 Rad8 19. f4 (19. Nf5 $5 Qf8 20. Ne3 $14) 19... Nf7 (19... Nd7 $2 20.
e5 Bxg2 21. Qxg2 dxe5 22. Nc6 Qc5+ 23. Kh1 $16) (19... Ng6 20. Qc3 $14) 20. Nf5
Qf8 (20... Qd7 21. Qc3 $14) 21. Qc3 Re6 22. Nd4 Ree8 (22... Re7 $2 23. e5 Bxg2
(23... fxe5 24. Nf5 $16) 24. Kxg2 dxe5 25. Nc6 Rxd1 26. Nxe7+ Qxe7 27. Rxd1
exf4 28. Re1 $16) 23. Nb5 c6 (23... Re7 24. Qd2 Rde8 25. Nc3 $14) 24. Nd4 Qe7
25. Bh3 (25. Nf5 Qc7 26. Ne3 $16) 25... c5 26. Nf5 Qc7 27. Bg2 Re6 28. Ne3 Rde8
(28... Bxe4 $2 29. Bxe4 Rxe4 30. Nd5 Rxe1+ 31. Rxe1 Qb7 32. Re7 $16) 29. Nd5
Bxd5 30. cxd5 $2 (30. Rxd5 $1 Nd8 (30... R6e7 31. Red1 $16 {/\h4-h5-h6}) 31.
Qd3 Nc6 32. Bh3 R6e7 (32... Nb4 33. Bxe6+ Rxe6 34. Qd1 Nxd5 35. Qxd5 Qf7 36. f5
Re5 37. Qxd6 $16) 33. Rxd6 Nb4 34. Qd2 Nc2 $1 (34... Nxa2 35. e5 $16) 35. Rd7
Rxd7 (35... Nxe1 $2 36. Qd5+ Kh8 37. Rxc7 Rxc7 38. Qd1 $18) 36. Bxd7 Nxe1 (
36... Nd4 37. Bg4 $16) 37. Qd5+ Kf8 38. Bxe8 Kxe8 39. Qd1 $16) 30... R6e7 31.
a4 {פf7} Qd7 (31... a6 $142 32. Qc4 Qc8 33. Bf1 $5 (33. Bf3 {/\Kg2,h3,Bg4})
33... b5 34. axb5 axb5 35. Qxb5 Rxe4 36. Rxe4 Rxe4 37. Qc6 $14) 32. Qc4 Kh8 33.
Qf1 {/\Bh3-e6} Nd8 $2 (33... f5 $6 34. Re3 fxe4 35. Bh3 Qb7 36. Be6 Nd8 37. f5
$16) (33... Qb7 $142 34. Qd3 Qc8) 34. Bh3 Qb7 35. e5 $1 $16 fxe5 36. fxe5 dxe5
(36... Rxe5 37. Rxe5 dxe5 38. d6 $16) 37. d6 Rf7 38. Qb5 Ref8 (38... Qc6 39. d7
Ref8 (39... Qxb5 40. axb5 Ree7 41. Ra1 $18) 40. Rxe5 $16) 39. Bg2 a6 40. Qe2
Qc8 41. Qxe5 Nc6 42. Qh5 $18 Nd4 (42... g6 43. Qd5 Nd4 44. Qe5+ Kg8 45. Bd5
Nf3+ 46. Bxf3 Rxf3 47. d7 Qd8 48. Qd5+ R3f7 49. Re6 $18 {/\Rc6}) 43. Re7 Rf5
44. Qg4 Rg8 (44... Rf1+ 45. Rxf1 Rxf1+ 46. Kxf1 Qxg4 47. Re8#) 45. d7 Qd8 46.
Rde1 1-0

[Event "Helsinki op"]
[Site "Helsinki"]
[Date "1992.??.??"]
[Round "2"]
[White "Sakaev, Konstantin"]
[Black "Kachiani Gersinska, Ketino"]
[Result "0-1"]
[WhiteElo "2540"]
[BlackElo "2360"]
[Annotator "Dautov,R"]
[PlyCount "69"]
[EventDate "1992.09.??"]
[EventType "swiss"]
[EventRounds "9"]
[EventCountry "FIN"]
[SourceTitle "CBM 032"]
[Source "ChessBase"]
[SourceDate "1993.02.01"]
[SourceVersion "1"]
[SourceVersionDate "1993.02.01"]
[SourceQuality "1"]

1. d4 Nf6 2. c4 e6 3. Nf3 Bb4+ 4. Nbd2 b6 5. g3 Bb7 6. Bg2 c5 7. a3 Bxd2+ 8.
Qxd2 (8. Bxd2 $1 cxd4 (8... O-O 9. dxc5 bxc5 10. b4 cxb4 11. axb4 d6 12. Qb3
Qc7 13. O-O Rc8 14. Rfc1 Nbd7 15. Bf4 e5 16. Be3 a6 17. Ra5 Nb6 18. Bh3 $14 {
Korchnoi,V-Parma,B Rovinj/Zagreb 9/494 1970}) 9. Bb4 Na6 (9... d5 10. Nxd4 $14)
10. Bd6 Ne4 11. Be5 O-O 12. O-O d6 13. Bxd4 e5 14. Be3 Qc7 15. Rc1 Nac5 16. b4
Ne6 17. Qb3 Rac8 18. Rfd1 $14 {Gheoghiu,F-Hecht,H_J BRD-Romania 1979 30/624})
8... cxd4 9. Qxd4 Nc6 10. Qc3 (10. Qd3 O-O 11. O-O d5 12. b4 e5 $10) (10. Qh4
Rc8 11. Nd2 O-O (11... Qc7 12. O-O Ne5 $10) 12. b4 Ne8 13. Qh3 Qc7 14. Bb2 a5
15. O-O f5 16. Rfc1 Nf6 17. Nb3 Ra8 18. b5 Ne7 19. c5 $14 {Uhlmann,W-Portisch,
L Moskva 1967 3/605}) 10... Rc8 11. b4 O-O (11... Ne7 12. Bg5 Nf5 13. Rc1 h6
14. Bxf6 Qxf6 15. O-O Qxc3 16. Rxc3 Ke7 $10 {Hort,V-Ivkov,B Bugojno 1978 25/626
}) 12. O-O Ne7 13. Bg5 Ng6 $5 14. Qd4 Rc7 15. h4 $6 {><g4} (15. Rac1 h6 16. Be3
Qe7 17. c5 e5 18. Qb2 bxc5 19. Bxc5 d6 20. Be3 Rfc8 $10) 15... h6 16. Be3 Qe7
17. Rfc1 Rfc8 18. Ne1 $2 (18. c5 $142 bxc5 19. Rxc5 Rxc5 20. bxc5 $10) 18... e5
19. Qd3 e4 $1 20. Qd4 Ng4 21. h5 (21. Bd2 Qf6 22. Qxf6 Nxf6 $17) 21... Nxe3 22.
Qxe3 Nf8 $17 {><c4} 23. Nf3 d5 24. Nd2 Ne6 25. Rd1 d4 26. Qb3 Ng5 27. e3 d3 28.
a4 Qe6 $19 29. a5 (29. Kh2 Qg4 $19) 29... Nh3+ 30. Bxh3 Qxh3 31. axb6 axb6 32.
Qb2 Rc5 $3 33. bxc5 Rxc5 34. Qb5 $8 Rxb5 35. cxb5 (35. cxb5 Bc8 36. Ra8 Kh7 $19
) 0-1

[Event "Altensteig"]
[Site "Altensteig"]
[Date "1995.??.??"]
[Round "10"]
[White "Dautov, Rustem"]
[Black "Wojtkiewicz, Aleksander"]
[Result "1/2-1/2"]
[WhiteElo "2620"]
[BlackElo "2570"]
[Annotator "Dautov,R"]
[PlyCount "36"]
[EventDate "1995.08.??"]
[EventType "tourn"]
[EventRounds "11"]
[EventCountry "GER"]
[EventCategory "12"]
[SourceTitle "CBM 049"]
[Source "ChessBase"]
[SourceDate "1995.12.01"]
[SourceVersion "1"]
[SourceVersionDate "1995.12.01"]
[SourceQuality "1"]

1. d4 Nf6 2. c4 e6 3. Nf3 b6 4. g3 Bb7 5. Bg2 Bb4+ 6. Bd2 Bxd2+ 7. Qxd2 O-O (
7... c5 8. Nc3 cxd4 9. Qxd4 Nc6 10. Qf4 Qb8 11. Qg5 O-O 12. O-O Na5 13. b3 d5
14. cxd5 Nxd5 15. Rac1 Nxc3 (15... Rc8 $1 16. Nxd5 Bxd5 $10) 16. Rxc3 Qd6 17.
Rd3 Qa3 18. Qd2 $14 {Lobron,E-Robatsch,K/Vienna op 1991}) 8. O-O (8. Nc3 Ne4 9.
Qd3 Nxc3 10. Ng5 Ne4 11. Bxe4 Bxe4 12. Qxe4 Qxg5 13. Qxa8 Nc6 14. Qb7 Nxd4 $13)
8... c5 9. Nc3 cxd4 10. Qxd4 Nc6 11. Qh4 $6 (11. Qf4 Qb8 12. Rfd1 Rd8 13. b3
Qxf4 14. gxf4 Kf8 (14... d6 15. Nd4 $14) 15. Ne5 Ke7 16. Rd3 Ne8 (16... Rab8
17. Rad1 Nxe5 18. fxe5 Ng4 19. f4 $16) 17. Rad1 Nxe5 18. fxe5 Bxg2 19. Kxg2 d6
20. Nb5 dxe5 21. Rxd8 Rxd8 22. Rxd8 Kxd8 23. Nxa7 $14) (11. Qd6 Qb8 (11... Qe7
12. Nb5 Ne8 (12... Ne4 13. Qxe7 Nxe7 14. Ne5 a6 15. Bxe4 Bxe4 16. Nd6 $14) 13.
Qxe7 Nxe7 14. Rfd1 d5 15. Ne5 a6 16. Nc3 Nf6 17. Na4 b5 18. Nc5 Ra7 19. cxd5
Bxd5 20. e4 Ba8 21. Rd6 $16 {Garcia Palermo,C-Robatsch,K/Mitropa Cup 1993}) 12.
Rfd1 (12. Nb5 Ne4 $1 13. Qd3 $1 (13. Qxd7 Rd8 14. Qc7 Qxc7 15. Nxc7 Rac8 16.
Nb5 a6 17. Na3 Nb4 $44) (13. Qxb8 Raxb8 14. Rfd1 Rfd8 15. Nd6 Nxd6 16. Rxd6 Kf8
17. Rad1 Ke7 $10) 13... Nc5 (13... Nb4 $2 14. Qxd7 Rd8 15. Qe7 $16) 14. Qd2 Ne4
15. Qe3 Nb4 16. Nfd4 $14) 12... Rd8 13. b3 Qxd6 14. Rxd6 Kf8 15. Rad1 Ke7 16.
Ne5 Nxe5 17. Bxb7 Rab8 18. Bg2 $14) 11... Qe7 12. Ng5 (12. Rad1 Qb4 $5 13. Ng5
Qxb2 14. Rxd7 Qxc3 15. Rxb7 Ne5 $10) 12... h6 (12... Rfd8 $2 13. Nxh7 $18) 13.
Nge4 Nxe4 14. Qxe7 (14. Nxe4 $2 Qxh4 15. gxh4 Nd4 16. e3 Nf5 $15) 14... Nxe7
15. Bxe4 (15. Nxe4 Bxe4 16. Bxe4 Rac8 $10) 15... Bxe4 16. Nxe4 d5 $10 17. cxd5
Nxd5 18. Rac1 Rfd8 1/2-1/2

[Event "Bundesliga 0304"]
[Site "Germany"]
[Date "2004.03.07"]
[Round "11.2"]
[White "Dautov, Rustem"]
[Black "Marcelin, Cyril"]
[Result "1/2-1/2"]
[WhiteElo "2610"]
[BlackElo "2503"]
[Annotator "Dautov,R"]
[PlyCount "83"]
[EventDate "2003.11.01"]
[EventType "team-tourn"]
[EventRounds "15"]
[EventCountry "GER"]
[SourceTitle "CBM 100"]
[Source "ChessBase"]
[SourceDate "2004.06.01"]
[SourceVersion "1"]
[SourceVersionDate "2004.06.01"]
[SourceQuality "1"]
[WhiteTeam "Baden Oos"]
[BlackTeam "St Ingbert"]
[WhiteTeamCountry "GER"]
[BlackTeamCountry "GER"]

1. d4 Nf6 2. c4 e6 3. Nf3 Bb4+ 4. Bd2 c5 5. Bxb4 cxb4 6. g3 b6 7. Bg2 Bb7 8.
O-O O-O 9. Qd3 d6 10. Nbd2 Qc7 11. Rfd1 {Ich habe bereits mehrmals den Plan
mit e4, Ne1-c2 in ähnlichen Stellungen verfolgt, diesmal wollte ich etwas
Neues versuchen.} (11. e4 e5 12. Ne1 Nc6 13. Nc2 a5 14. Rfd1 $14 {Dautov,
R-Kortschnoj,V/SUI-chT 2003}) 11... e5 $1 $146 (11... Re8 12. Rac1 Nbd7 13. Nh4
Rac8 14. Bxb7 Qxb7 15. e4 g6 16. Ng2 e5 17. Ne3 $14 {Piket,J-Agdestein,S/
Tilburg 1989}) 12. Ne1 Bxg2 13. Nxg2 Nc6 {Am besten, denn nach 13...Nbd7 14.e4
nebst Ne3 hätte Weiß einen langfristigen Vorteil.} (13... Nbd7 14. e4 Rfe8 15.
Ne3 $14) 14. dxe5 dxe5 {In Frage kam das aktive Gegenspiel mit 14...Nxe5!?.} (
14... Nxe5 $5 15. Qd4 (15. Qf5 Nxc4 $1 16. Rac1 d5 17. b3 Qe5 $15) (15. Qb3 Qc5
16. Ne3 a5 $11) 15... Qc5 16. e3 (16. Qxc5 dxc5 17. f4 Nc6 18. e4 Nd4 $44)
16... Rac8 17. b3 Rfe8 18. Nf4 a5 $11) 15. Ne3 Rad8 (15... Nd4 16. Nd5 Nxd5 17.
cxd5 Rad8 18. e3 $14) 16. Nd5 {Dank dem starken Springer d5 bekam Weiß etwas
Druck.} Qd6 17. Nf3 $1 {/\Ng5, /\Qf5} (17. Ne4 $6 Nxe4 18. Qxe4 f5 19. Qe3 Nd4
$11) 17... h6 (17... Nxd5 $6 18. cxd5 Ne7 19. e4 f5 20. Ng5 $16) (17... Nd7 18.
Qc2 $1 {/\Nb6} Qe6 19. Qa4 $1 Ndb8 20. Qb5 $14) 18. Qf5 $14 Rfe8 (18... Qe6 19.
Nxf6+ (19. Qxe6 fxe6 20. Nc7 Kf7 $11) 19... Qxf6 (19... gxf6 20. Qh5 f5 21. Rd5
$1 $14) 20. Qxf6 gxf6 21. Nh4 $14) 19. Kg2 $6 {Bei dem Versuch, die Spannung
aufrechtzuerhalten, übersah ich die folgende Abtauschaktion. Das vorteilhafte
Endspiel nach dem richtigen 19.Nxf6+ war mir zu wenig.} (19. Nxf6+ $1 Qxf6 20.
Qxf6 gxf6 21. Nh4 Kh7 (21... Ne7 22. e4 $14 {/\Kf1-e2-e3}) 22. Kf1 Ne7 (22...
a5 23. Nf5 Kg6 24. Ne3 $14) 23. e4 Nc6 24. Nf5 Nd4 25. Nxd4 exd4 26. f3 $14)
19... Nxd5 $1 20. Rxd5 (20. cxd5 $2 Nd4 $1 21. Nxd4 exd4 22. Rxd4 Rxe2 $15)
20... Ne7 $1 (20... Qe6 21. Qxe6 fxe6 22. Rdd1 $14) 21. Rxd6 Nxf5 22. Rxd8 Rxd8
23. e4 (23. Nxe5 Rd2 $11) 23... Nd6 (23... Ne7 $5 24. Nxe5 Rd4 25. Kf3 f6 26.
Ng4 Rxc4 27. Ne3 Rc5 28. b3 Ra5 29. Nc4 Ra6 $14) 24. Rd1 f6 25. Rd5 Nb7 $2 $138
{Marcelin war sich sicher, im entstehenden Springerendspiel eine Festung
errichten zu können, sonst hätte er das richtige 25...Ke6 vorgezogen.} (25...
Kf7 $1 26. Nd2 Ke7 27. f4 exf4 28. gxf4 g5 29. Kf3 gxf4 30. Kxf4 Rg8 $11) 26.
Ne1 $1 Rxd5 $2 (26... Kf7 27. Nd3 a5 28. f4 exf4 29. gxf4 Ke7 30. Kf3 $14) 27.
cxd5 $16 {In diesem Endspiel hat Weiß hervorragende Gewinnchancen.} Nc5 28. Kf3
Kf7 29. Ke3 a5 30. f4 $4 {[%mdl 16384] Ein fataler Fehler, denn nach der
gegnerischen Antwort wird die schwarze Stellung wirklich undurchdringbar. Ich
habe das Bauernendspiel nach 30.Nd3 spontan als remislich eigeschätzt, um erst
nach dem Textzug zu entdecken, daß es gewonnen war!} (30. Nd3 $1 Nxd3 $2 ({
Zäher ist 30...Nd7, selbst wenn Schwarz im Springerendspiel einen schweren
Stand hat.} 30... Nd7 $16 31. h4 h5 32. f4 g6 33. b3 (33. Kf3 $5) 33... Ke7 34.
Kf3 Kd6 35. g4 hxg4+ 36. Kxg4 exf4 (36... Nc5 37. Nxc5 bxc5 38. f5 $18) 37.
Kxf4 Nc5 38. Ke3 $16) 31. Kxd3 b5 32. h4 h5 33. f4 g6 34. Ke3 ({Natürlich nicht
} 34. fxe5 $4 fxe5 $11) 34... Ke7 35. Kf3 Kd6 36. g4 $18 {, und Weiß knackt
die gegnerische Festung.}) 30... g5 $1 $11 {Nun ist es aus und vorbei, die
Stellung ist totremislich.} 31. fxe5 fxe5 32. Nf3 Kf6 33. Ne1 b5 34. h3 Ke7 35.
Nf3 Kf6 36. Ne1 Ke7 37. Nf3 Kf6 38. b3 Nd7 39. Nh2 h5 40. Nf3 Nc5 41. g4 h4 42.
Ne1 1/2-1/2